[Event "World Corporate East B"]
[Site "Chess.com INT"]
[Date "2021.02.19"]
[Round "1.7"]
[White "Spruenken, Dirk"]
[Black "Meyer, Christoph"]
[Result "1-0"]
[WhiteElo "1941"]
[BlackElo "1766"]
[PlyCount "71"]
[EventDate "2021.02.19"]
[EventType "team (rapid)"]
[EventRounds "7"]
[EventCountry "USA"]
[SourceTitle "EXT 2022"]
[Source "ChessBase"]
[SourceDate "2021.10.06"]
[SourceVersion "1"]
[SourceVersionDate "2021.10.06"]
[SourceQuality "1"]
[WhiteTeam "Airbus"]
[BlackTeam "Schwarz Produktion"]
[WhiteTeamCountry "GER"]
[BlackTeamCountry "GER"]

1. Nf3 Nc6 2. c4 b6 3. g3 Nf6 4. Bg2 Bb7 5. 0-0 e6 6. d4 Be7 7. Nc3 0-0 8. e4 d6 9. a3 h6 10. b4 a6 11. Bb2 e5 12. dxe5 Nxe5 13. Nxe5 dxe5 14. Nd5 Bd6 15. Rc1 c5 16. f4 Nxd5 17. exd5 cxb4 18. fxe5 Bc5+ 19. Kh1 bxa3 20. Bd4 Rb8 21. Ra1 Qg5 22. Bxc5 bxc5 23. Qe2 h5 24. Rxa3 Rbe8 25. Re3 a5 26. Ra1 h4 27. Rxa5 hxg3 28. hxg3 Qh6+ 29. Kg1 Qb6 30. Ra1 Qc7 31. Re1 Qa5 32. Re4 Qc3 33. Re3 Qb4 34. Be4 Qb6 35. Qh5 Qb2 36. Qh7# 1-0

[Event "Niederrhein-ch"]
[Site "Solingen"]
[Date "2019.04.16"]
[Round "5.10"]
[White "Meyer, Christoph"]
[Black "Schrade, Achim"]
[Result "0-1"]
[WhiteElo "1481"]
[BlackElo "1681"]
[PlyCount "64"]
[EventDate "2019.04.12"]
[EventType "swiss"]
[EventRounds "7"]
[EventCountry "GER"]
[SourceTitle "EXT 2022"]
[Source "ChessBase"]
[SourceDate "2021.10.06"]
[SourceVersion "1"]
[SourceVersionDate "2021.10.06"]
[SourceQuality "1"]

1. d4 e6 2. c4 f5 3. Nf3 Nf6 4. Bf4 Be7 5. Nc3 d6 6. h3 b6 7. e3 Bb7 8. Be2 0-0 9. 0-0 Ne4 10. d5 Nxc3 11. bxc3 e5 12. Bh2 Nd7 13. Qc2 Nc5 14. Nd2 Qe8 15. e4 f4 16. f3 Qg6 17. Kh1 Bc8 18. Rg1 Bh4 19. Raf1 Qh6 20. Nb1 Bg3 21. Bd1 Bd7 22. Qe2 Rf6 23. Nd2 Qh4 24. Bxg3 fxg3 25. f4 exf4 26. Qh5 Qxh5 27. Bxh5 Nd3 28. Be2 Nf2+ 29. Rxf2 gxf2 30. Rf1 Re8 31. Rxf2 h6 32. Nb3 Rxe4 0-1

[Event "Niederrhein-ch"]
[Site "Solingen"]
[Date "2019.04.15"]
[Round "4.10"]
[White "Meyer, Christoph"]
[Black "Soechting, Marc"]
[Result "1/2-1/2"]
[WhiteElo "1481"]
[BlackElo "1465"]
[PlyCount "29"]
[EventDate "2019.04.12"]
[EventType "swiss"]
[EventRounds "7"]
[EventCountry "GER"]
[SourceTitle "EXT 2022"]
[Source "ChessBase"]
[SourceDate "2021.10.06"]
[SourceVersion "1"]
[SourceVersionDate "2021.10.06"]
[SourceQuality "1"]

1. b4 e5 2. Bb2 Bxb4 3. Bxe5 Nf6 4. c3 Ba5 5. e3 0-0 6. Qf3 d6 7. Bxf6 Qxf6 8. Qxf6 gxf6 9. g3 Bf5 10. Na3 Be4 11. f3 Bc6 12. Nc4 Bb6 13. Bg2 Nd7 14. Nxb6 axb6 15. Ne2 1/2-1/2

[Event "Niederrhein-ch"]
[Site "Solingen"]
[Date "2019.04.13"]
[Round "2.10"]
[White "Meyer, Christoph"]
[Black "Fraenzel, Marius"]
[Result "0-1"]
[WhiteElo "1481"]
[BlackElo "1691"]
[PlyCount "60"]
[EventDate "2019.04.12"]
[EventType "swiss"]
[EventRounds "7"]
[EventCountry "GER"]
[SourceTitle "EXT 2022"]
[Source "ChessBase"]
[SourceDate "2021.10.06"]
[SourceVersion "1"]
[SourceVersionDate "2021.10.06"]
[SourceQuality "1"]

1. d4 d5 2. c4 c6 3. Nc3 Nf6 4. Nf3 dxc4 5. e4 b5 6. a3 e6 7. Qc2 a5 8. Na2 h6 9. g3 Be7 10. Bg2 0-0 11. 0-0 b4 12. b3 cxb3 13. Qxb3 Nxe4 14. Be3 c5 15. dxc5 Nxc5 16. Bxc5 Bxc5 17. Qc2 Qe7 18. Ng5 hxg5 19. Bxa8 Ba6 20. Rfc1 Rc8 21. axb4 Bd4 22. Qxc8+ Bxc8 23. Rxc8+ Kh7 24. Rd1 Qd7 25. Rcc1 Qa7 26. Rc2 Bxf2+ 27. Rxf2 Qxa8 28. Rd8 Qa7 29. bxa5 Nc6 30. Rc8 Ne5 0-1

[Event "Hamburg St Pauli op-B"]
[Site "Hamburg"]
[Date "2011.07.14"]
[Round "7"]
[White "Andris, Valentin"]
[Black "Meyer, Christoph"]
[Result "0-1"]
[WhiteElo "1697"]
[BlackElo "1795"]
[PlyCount "128"]
[EventDate "2011.07.09"]
[EventType "swiss"]
[EventRounds "9"]
[EventCountry "GER"]
[SourceTitle "CBM 143 Extra"]
[Source "ChessBase"]
[SourceDate "2011.08.29"]
[SourceVersion "1"]
[SourceVersionDate "2011.08.29"]
[SourceQuality "1"]

1. d4 Nf6 2. c4 c5 3. d5 b5 4. cxb5 a6 5. bxa6 Bxa6 6. Nc3 g6 7. Nf3 Bg7 8. g3 0-0 9. Bh3 d6 10. 0-0 Nfd7 11. Bxd7 Nxd7 12. Re1 Qc7 13. e4 Rfb8 14. Qc2 Qb7 15. h4 Nb6 16. h5 Nc4 17. hxg6 hxg6 18. Kg2 Nxb2 19. e5 Nd3 20. e6 Nxe1+ 21. Nxe1 Qb4 22. exf7+ Kxf7 23. Ne4 Bf6 24. Ng5+ Bxg5 25. Bxg5 Qc4 26. Qd2 Qd4 27. Qxd4 cxd4 28. Rd1 d3 29. Nxd3 Bxd3 30. Rxd3 Rxa2 31. Re3 Rb7 32. g4 Ra4 33. Kg3 Rd4 34. Bh6 Rxd5 35. Rf3+ Ke8 36. Rf8+ Kd7 37. Rg8 Re5 38. f4 Re6 39. f5 gxf5 40. g5 Rb1 41. Rf8 Rf1 42. Kg2 Rf4 43. Kg3 Rg4+ 44. Kf3 Rh4 45. Rxf5 Rhxh6 46. gxh6 Rxh6 47. Ke4 Rh4+ 48. Kd3 Ke6 49. Rf2 d5 50. Re2+ Kd6 51. Ra2 Ke5 52. Re2+ Re4 53. Ra2 e6 54. Ra5 Rh4 55. Ra6 Rh3+ 56. Kd2 d4 57. Rb6 Kd5 58. Rb5+ Ke4 59. Rb8 Rh2+ 60. Kd1 d3 61. Rg8 e5 62. Rg3 Kd4 63. Kc1 Kc3 64. Rg1 e4 0-1

[Event "Hamburg St Pauli op-B"]
[Site "Hamburg"]
[Date "2011.07.13"]
[Round "6"]
[White "Meyer, Christoph"]
[Black "McClung, Gregory"]
[Result "1-0"]
[WhiteElo "1795"]
[BlackElo "1583"]
[PlyCount "89"]
[EventDate "2011.07.09"]
[EventType "swiss"]
[EventRounds "9"]
[EventCountry "GER"]
[SourceTitle "CBM 143 Extra"]
[Source "ChessBase"]
[SourceDate "2011.08.29"]
[SourceVersion "1"]
[SourceVersionDate "2011.08.29"]
[SourceQuality "1"]

1. e4 c5 2. Nf3 d6 3. d4 cxd4 4. Nxd4 Nf6 5. Nc3 a6 6. f4 Qb6 7. Nb3 Nc6 8. Nd5 Qd8 9. Be3 Nxd5 10. exd5 Nb8 11. a4 e6 12. Bc4 Qh4+ 13. g3 Qh3 14. Qf3 Be7 15. 0-0-0 0-0 16. Bf1 Qh6 17. g4 exd5 18. h4 Bxh4 19. g5 Qg6 20. Rxh4 Bf5 21. Nd4 Be4 22. Qf2 f5 23. Be2 Qf7 24. Bf3 g6 25. Rdh1 Nc6 26. Qh2 Bxf3 27. Rxh7 Bh5 28. Rxf7 Kxf7 29. Qd2 Rac8 30. Re1 a5 31. Nxc6 bxc6 32. Qxa5 Bf3 33. Qa7+ Ke6 34. Bd4+ Be4 35. Bf6 Rce8 36. Kd2 Rf7 37. Qb6 c5 38. a5 Rff8 39. a6 Rb8 40. Qc7 Rfe8 41. a7 Rxb2 42. a8Q Rxc2+ 43. Kd1 d4 44. Qxe8+ Kd5 45. Qef7# 1-0

[Event "GER-chT Schools WK II"]
[Site "Verden an der Aller"]
[Date "2011.05.14"]
[Round "3.4"]
[White "Meyer, Christoph"]
[Black "Anders, Eric"]
[Result "1-0"]
[WhiteElo "1795"]
[BlackElo "1713"]
[PlyCount "98"]
[EventDate "2011.05.14"]
[EventType "team-swiss"]
[EventRounds "7"]
[EventCountry "GER"]
[SourceTitle "EXT 2022"]
[Source "ChessBase"]
[SourceDate "2021.10.06"]
[SourceVersion "1"]
[SourceVersionDate "2021.10.06"]
[SourceQuality "1"]
[WhiteTeam "Stade Athenaeum U17"]
[BlackTeam "Darmstadt Liebig Schule U17"]
[WhiteTeamCountry "GER"]
[BlackTeamCountry "GER"]

1. e4 e5 2. d4 exd4 3. Nf3 Nc6 4. c3 d3 5. Bxd3 Bc5 6. 0-0 d6 7. Bf4 Bg4 8. Nbd2 Nge7 9. Qc2 Ng6 10. Bg3 0-0 11. Rfe1 Re8 12. h3 Bh5 13. a4 a5 14. Bb5 Re7 15. Red1 Nce5 16. Be2 Qe8 17. Nxe5 Bxe2 18. Nxg6 Bxd1 19. Nxe7+ Qxe7 20. Qxd1 Re8 21. Nb3 Bb6 22. Kf1 f6 23. Nd4 Kh8 24. Qg4 Qf7 25. Qd1 Re7 26. Nf5 Re8 27. Qd5 Qd7 28. b3 Qc8 29. f3 Qa8 30. Bf2 Bxf2 31. Kxf2 b6 32. Qxa8 Rxa8 33. Ke3 Kg8 34. Ne7+ Kf7 35. Nd5 Rc8 36. b4 axb4 37. cxb4 Ke6 38. Rc1 Kd7 39. a5 b5 40. Kd4 h6 41. a6 c5+ 42. bxc5 dxc5+ 43. Rxc5 Rxc5 44. Kxc5 b4 45. Nxb4 Kc7 46. Nd5+ Kb8 47. Kb6 f5 48. a7+ Kc8 49. a8Q+ Kd7 1-0

[Event "GER-chT Schools WK II"]
[Site "Verden an der Aller"]
[Date "2011.05.14"]
[Round "1.4"]
[White "Meyer, Christoph"]
[Black "Zehic, Semir"]
[Result "1-0"]
[WhiteElo "1795"]
[BlackElo "1708"]
[PlyCount "49"]
[EventDate "2011.05.14"]
[EventType "team-swiss"]
[EventRounds "7"]
[EventCountry "GER"]
[SourceTitle "EXT 2022"]
[Source "ChessBase"]
[SourceDate "2021.10.06"]
[SourceVersion "1"]
[SourceVersionDate "2021.10.06"]
[SourceQuality "1"]
[WhiteTeam "Stade Athenaeum U17"]
[BlackTeam "Claudius Gymn U17"]
[WhiteTeamCountry "GER"]
[BlackTeamCountry "GER"]

1. e4 c5 2. Nf3 e6 3. d4 cxd4 4. Nxd4 Nf6 5. Nc3 Nc6 6. Be3 Bb4 7. Bd3 d5 8. Nxc6 bxc6 9. exd5 Nxd5 10. Bd2 Qa5 11. Nxd5 cxd5 12. a3 Bxd2+ 13. Qxd2 Qxd2+ 14. Kxd2 Ke7 15. b4 Bb7 16. a4 a6 17. b5 axb5 18. axb5 Rhd8 19. Rxa8 Rxa8 20. Kc3 Kd6 21. Kb4 h6 22. c4 dxc4 23. Bxc4 Ke7 24. Rd1 g6 25. Rd2 1-0

[Event "Niedersachsen-ch op"]
[Site "Verden"]
[Date "2009.01.05"]
[Round "5"]
[White "Suendorf, Dominik"]
[Black "Meyer, Christoph"]
[Result "1-0"]
[WhiteElo "1702"]
[BlackElo "1264"]
[PlyCount "95"]
[EventDate "2009.01.03"]
[EventType "swiss"]
[EventRounds "7"]
[EventCountry "GER"]
[SourceTitle "EXT 2012"]
[Source "ChessBase"]
[SourceDate "2011.11.24"]
[SourceVersion "1"]
[SourceVersionDate "2011.11.24"]
[SourceQuality "1"]

1. e4 e5 2. Nf3 d6 3. Bc4 Be7 4. 0-0 Nf6 5. Re1 0-0 6. c3 Be6 7. Bb3 Nbd7 8. d4 Bxb3 9. Qxb3 Kh8 10. Nbd2 Rb8 11. a4 a6 12. Nc4 b5 13. Na5 Rb6 14. dxe5 Nxe5 15. Nxe5 dxe5 16. Be3 c5 17. Rad1 Qc7 18. Qc2 bxa4 19. Nc4 Rb3 20. Ra1 Rb7 21. Rxa4 Ra7 22. Rea1 Rfa8 23. f3 Nd7 24. Qf2 Nb6 25. Nxb6 Qxb6 26. b4 Rc7 27. Ra5 Qc6 28. b5 Qd7 29. b6 Rb7 30. Bxc5 Bd8 31. Rxa6 Rxa6 32. Rxa6 Qc8 33. Ra7 Rxa7 34. bxa7 h6 35. Bb6 Be7 36. Qb2 Bc5+ 37. Bxc5 Qxc5+ 38. Qf2 Qa3 39. g3 Kg8 40. c4 Qa4 41. Kg2 Qa5 42. f4 exf4 43. gxf4 Kf8 44. Qd4 Qa2+ 45. Kf3 Qa3+ 46. Kg4 Qa5 47. Qd6+ Ke8 48. Qe5+ 1-0

[Event "Niedersachsen-ch op"]
[Site "Verden"]
[Date "2009.01.04"]
[Round "3"]
[White "Meyer, Christoph"]
[Black "Hurink, Maarten"]
[Result "1/2-1/2"]
[WhiteElo "1264"]
[BlackElo "1917"]
[PlyCount "73"]
[EventDate "2009.01.03"]
[EventType "swiss"]
[EventRounds "7"]
[EventCountry "GER"]
[SourceTitle "EXT 2012"]
[Source "ChessBase"]
[SourceDate "2011.11.24"]
[SourceVersion "1"]
[SourceVersionDate "2011.11.24"]
[SourceQuality "1"]

1. d4 d5 2. c4 c6 3. Nf3 Nf6 4. Nc3 a6 5. Bf4 Nbd7 6. e3 Nh5 7. Bg3 e6 8. Bd3 Be7 9. 0-0 Nxg3 10. fxg3 b5 11. c5 Qc7 12. a3 0-0 13. Qc2 h6 14. Rf2 e5 15. Be2 exd4 16. exd4 Nxc5 17. dxc5 Bxc5 18. Nxd5 Qa7 19. Nf4 Bxf2+ 20. Kf1 Be3 21. Nd3 c5 22. Nde5 Qb6 23. Qe4 Be6 24. Qxe3 Rab8 25. Rc1 c4 26. Qxb6 Rxb6 27. Rd1 Rc8 28. Nd4 Rd8 29. Nec6 Rd7 30. Bf3 Kh7 31. Ne5 Rdd6 32. Ke2 f6 33. Be4+ f5 34. Nxf5 Bxf5 35. Rxd6 Rxd6 36. Bxf5+ Kg8 37. Nf3 1/2-1/2

[Event "Niedersachsen-chT U14"]
[Site "Verden an der Aller"]
[Date "2008.05.03"]
[Round "6.1"]
[White "Voigt, Eric"]
[Black "Meyer, Christoph"]
[Result "1/2-1/2"]
[WhiteElo "1337"]
[BlackElo "1221"]
[PlyCount "89"]
[EventDate "2008.05.01"]
[EventType "team"]
[EventRounds "7"]
[EventCountry "GER"]
[SourceTitle "EXT 2009"]
[Source "ChessBase"]
[SourceDate "2008.11.26"]
[SourceVersion "1"]
[SourceVersionDate "2008.11.26"]
[SourceQuality "1"]

1. d4 d5 2. c4 e6 3. Nc3 Nf6 4. e3 Nbd7 5. Nf3 Bb4 6. Qb3 Bxc3+ 7. bxc3 Nb6 8. cxd5 exd5 9. Ba3 Be6 10. Ne5 Nfd7 11. Nxd7 Qxd7 12. Bb5 c6 13. Be2 Rb8 14. 0-0 Nc8 15. c4 Nd6 16. Bxd6 Qxd6 17. c5 Qc7 18. Rfb1 0-0 19. Rb2 b5 20. Rab1 Qb7 21. Bd3 a6 22. a4 Bd7 23. axb5 axb5 24. Ra1 Ra8 25. Rba2 Rxa2 26. Qxa2 Rb8 27. Kf1 Kf8 28. Rc1 Ra8 29. Qb2 Qa6 30. Ke2 Qa3 31. Qxa3 Rxa3 32. Kd2 Ke7 33. Rc3 Ra5 34. f3 f6 35. e4 Be6 36. Ke3 g5 37. exd5 Bxd5 38. Bxh7 b4 39. Rc1 Ra2 40. Rg1 Bc4 41. Bd3 Bd5 42. Be4 Ra3+ 43. Kd2 Ra2+ 44. Ke3 Ra3+ 45. Kd2 1/2-1/2

[Event "Niedersachsen-chT U14"]
[Site "Verden an der Aller"]
[Date "2008.05.02"]
[Round "4.1"]
[White "Bach, Jannik"]
[Black "Meyer, Christoph"]
[Result "1-0"]
[WhiteElo "1408"]
[BlackElo "1221"]
[PlyCount "33"]
[EventDate "2008.05.01"]
[EventType "team"]
[EventRounds "7"]
[EventCountry "GER"]
[SourceTitle "EXT 2009"]
[Source "ChessBase"]
[SourceDate "2008.11.26"]
[SourceVersion "1"]
[SourceVersionDate "2008.11.26"]
[SourceQuality "1"]

1. e4 e5 2. Nf3 d6 3. d4 Nf6 4. Nc3 exd4 5. Nxd4 g6 6. f3 Bd7 7. Be3 Nc6 8. Qd2 Bg7 9. 0-0-0 Qe7 10. g4 0-0-0 11. h4 h5 12. g5 Nh7 13. Bh3 Ne5 14. Nd5 Qe8 15. Qa5 b6 16. Qxa7 Bxh3 17. Qxc7# 1-0

[Event "Niedersachsen-ch U14"]
[Site "Rotenburg"]
[Date "2008.03.20"]
[Round "9"]
[White "Knudsen, Sebastian"]
[Black "Meyer, Christoph"]
[Result "1/2-1/2"]
[WhiteElo "1082"]
[BlackElo "1140"]
[PlyCount "49"]
[EventDate "2008.03.15"]
[EventType "swiss"]
[EventRounds "9"]
[EventCountry "GER"]
[SourceTitle "EXT 2009"]
[Source "ChessBase"]
[SourceDate "2008.11.26"]
[SourceVersion "1"]
[SourceVersionDate "2008.11.26"]
[SourceQuality "1"]

1. Nf3 d5 2. d4 Nf6 3. Bg5 Bf5 4. e3 e6 5. Bd3 Bg6 6. 0-0 Nbd7 7. Ne5 Qc8 8. Nxd7 Nxd7 9. Nc3 Bxd3 10. Qxd3 h6 11. Bf4 c6 12. e4 Bb4 13. e5 0-0 14. Qg3 Kh8 15. Rfe1 Qd8 16. a3 Be7 17. Kf1 Rb8 18. b4 Nb6 19. Nb1 Bh4 20. Qf3 Bg5 21. Nd2 Bxf4 22. Qxf4 f6 23. Qg3 Qe7 24. f3 fxe5 25. Rxe5 1/2-1/2

[Event "Niedersachsen-ch U14"]
[Site "Rotenburg"]
[Date "2008.03.18"]
[Round "6"]
[White "Meyer, Christoph"]
[Black "Rethmann, Kristin"]
[Result "0-1"]
[WhiteElo "1140"]
[BlackElo "1412"]
[PlyCount "56"]
[EventDate "2008.03.15"]
[EventType "swiss"]
[EventRounds "9"]
[EventCountry "GER"]
[SourceTitle "EXT 2009"]
[Source "ChessBase"]
[SourceDate "2008.11.26"]
[SourceVersion "1"]
[SourceVersionDate "2008.11.26"]
[SourceQuality "1"]

1. d4 e6 2. e4 d5 3. e5 c5 4. c3 Qb6 5. Nf3 Bd7 6. Qc2 Nc6 7. Be3 Rc8 8. Nbd2 cxd4 9. Nxd4 Nxd4 10. Bxd4 Qxd4 11. Nf3 Qb6 12. Bd3 h6 13. Qe2 Ne7 14. g4 a6 15. a4 Nc6 16. Rf1 Qc7 17. Rg1 Be7 18. h4 Na7 19. g5 h5 20. g6 f5 21. exf6 Bxf6 22. Kd2 Qf4+ 23. Kc2 Bxa4+ 24. Kb1 Bd7 25. Ra5 Kd8 26. Re1 Qc7 27. Ra1 Qb6 28. Kc2 Nc6 0-1

[Event "Niedersachsen-ch U14"]
[Site "Rotenburg"]
[Date "2008.03.15"]
[Round "1"]
[White "Manusina, Nicole"]
[Black "Meyer, Christoph"]
[Result "1-0"]
[WhiteElo "1549"]
[BlackElo "1140"]
[PlyCount "97"]
[EventDate "2008.03.15"]
[EventType "swiss"]
[EventRounds "9"]
[EventCountry "GER"]
[SourceTitle "EXT 2009"]
[Source "ChessBase"]
[SourceDate "2008.11.26"]
[SourceVersion "1"]
[SourceVersionDate "2008.11.26"]
[SourceQuality "1"]

1. d4 d5 2. c4 e6 3. Nc3 Nf6 4. Bg5 Be7 5. e3 Nbd7 6. Nf3 c5 7. Rc1 b6 8. cxd5 exd5 9. Bd3 Bb7 10. 0-0 0-0 11. Bb1 Ne4 12. Bxe7 Qxe7 13. dxc5 Nxc3 14. Rxc3 Nxc5 15. Qc2 g6 16. b4 Ne6 17. a3 Rac8 18. Rxc8 Rxc8 19. Qd3 Qf6 20. Nd4 Nxd4 21. exd4 Rc4 22. Rd1 Ba6 23. Qe3 Qe6 24. Bd3 Qxe3 25. fxe3 Rc3 26. Bxa6 Rxa3 27. Bd3 Rb3 28. b5 Kf8 29. Kf2 Rb2+ 30. Kf3 Ke7 31. Ra1 Rb3 32. Be2 g5 33. Rxa7+ Ke6 34. g4 f5 35. gxf5+ Kxf5 36. h3 h5 37. Re7 Rb2 38. Re5+ Kf6 39. Kf2 g4 40. hxg4 hxg4 41. Rxd5 g3+ 42. Kf3 g2 43. Kxg2 Rxe2+ 44. Kf3 Rb2 45. Rd6+ Ke7 46. Rxb6 Kd7 47. Ke4 Kc7 48. Rc6+ Kd7 49. Rc5 1-0

[Event "Niedersachsen-chT U14"]
[Site "Stade"]
[Date "2007.05.17"]
[Round "1.4"]
[White "Meyer, Christoph"]
[Black "Lienau, Henrik"]
[Result "0-1"]
[WhiteElo "951"]
[BlackElo "1200"]
[PlyCount "62"]
[EventDate "2007.05.17"]
[EventType "team-tourn"]
[EventRounds "7"]
[EventCountry "GER"]
[SourceTitle "EXT 2008"]
[Source "ChessBase"]
[SourceDate "2007.11.25"]
[SourceVersion "1"]
[SourceVersionDate "2007.11.25"]
[SourceQuality "1"]

1. d4 Nf6 2. Nf3 g6 3. Bf4 Bg7 4. Nc3 d6 5. e4 Nbd7 6. Bd3 0-0 7. Qd2 c5 8. dxc5 Nxc5 9. 0-0-0 a6 10. a3 b5 11. Rdg1 b4 12. Ne2 Nfxe4 13. Bxe4 Nxe4 14. Qe3 Nc5 15. Ng3 Qc7 16. Kb1 Be6 17. Ne4 Qa5 18. b3 Qxa3 19. Nd4 Nxe4 20. Qxe4 Rac8 21. Bc1 d5 22. Bxa3 dxe4 23. Nxe6 fxe6 24. Bxb4 Bd4 25. Re1 Rxf2 26. c4 e3 27. g3 Rcf8 28. Kc1 Bb2+ 29. Kb1 Bd4 30. Kc1 Ra2 31. Ref1 Ra1+ 0-1